Right is mighty (Record no. 80226)

MARC details
000 -LEADER
fixed length control field 00821nam a2200181 a 4500
008 - FIXED-LENGTH DATA ELEMENTS--GENERAL INFORMATION
fixed length control field 120416s1990 ||||||||||||||||| || u
050 ## - LIBRARY OF CONGRESS CALL NUMBER
Classification number KJ 441 Chi
100 ## - MAIN ENTRY--PERSONAL NAME
Personal name Chibamba, Abraham
245 10 - TITLE STATEMENT
Title Right is mighty
260 ## - PUBLICATION, DISTRIBUTION, ETC.
Place of publication, distribution, etc. Zimbabwe
Name of publisher, distributor, etc. PLO
Date of publication, distribution, etc. 1990
300 ## - PHYSICAL DESCRIPTION
Extent 240p.
350 ## -
-- 0.00
650 ## - SUBJECT ADDED ENTRY--TOPICAL TERM
Topical term or geographic name entry element LAW
650 #0 - SUBJECT ADDED ENTRY--TOPICAL TERM
Topical term or geographic name entry element HUMAN RIGHTS
995 ## -
-- ANNEX COLLECTION (Main Library)
-- 0.00
-- 721824
-- CBU-MAIN LIBRARY (Kitwe)
-- 3
-- 25000.00
-- KJ 441 Chi
-- 3
-- AVAILABLE
-- 008200
-- Annex Low-Usage Collection
995 ## -
-- ANNEX COLLECTION (Main Library)
-- 0.00
-- 721828
-- CBU-MAIN LIBRARY (Kitwe)
-- 1
-- 25000.00
-- KJ 441 Chi
-- 1
-- AVAILABLE
-- 008198
-- Annex Low-Usage Collection
995 ## -
-- ANNEX COLLECTION (Main Library)
-- 0.00
-- 721825
-- CBU-MAIN LIBRARY (Kitwe)
-- 2
-- 25000.00
-- KJ 441 Chi
-- 2
-- AVAILABLE
-- 008199
-- Annex Low-Usage Collection
999 ## -
-- 80226
-- 80226
Holdings
Withdrawn status Lost status Source of classification or shelving scheme Damaged status Not for loan Permanent Location Current Location Shelving location Date acquired Total Checkouts Full call number Barcode Date last seen Copy number Price effective from Koha item type
          CBU-MAIN LIBRARY, KITWE. CBU-MAIN LIBRARY, KITWE.   06/29/2023   KJ 441 Chi 008200 06/29/2023 1 06/29/2023 MONOGRAPH
Withdrawn         CBU-MAIN LIBRARY, KITWE. CBU-MAIN LIBRARY, KITWE.   06/29/2023   KJ 441 Chi 008198 06/29/2023 2 06/29/2023 MONOGRAPH
          CBU-MAIN LIBRARY, KITWE. CBU-MAIN LIBRARY, KITWE.   06/29/2023   KJ 441 Chi 008199 06/29/2023 3 06/29/2023 MONOGRAPH